El burlador de Sevilla (Registro nro. 188044)
[ vista simple ]
| 000 -LEADER | |
|---|---|
| campo de control de longitud fija | 00926nam a2200241 i 4500 |
| 001 - NÚMERO DE CONTROL | |
| campo de control | 188044 |
| 003 - IDENTIFICADOR DE NÚMERO DE CONTROL | |
| campo de control | SpMaBN |
| 005 - FECHA Y HORA DE LA ÚLTIMA TRANSACCIÓN | |
| campo de control | 20230906223107.0 |
| 008 - DATOS DE LONGITUD FIJA--INFORMACIÓN GENERAL | |
| campo de control de longitud fija | 180419s1947 ag p |||| |dspa d |
| 100 1# - ENTRADA PRINCIPAL--NOMBRE DE PERSONA | |
| Nombre de persona | Molina, Tirso de, |
| Fechas asociadas al nombre | 1579-1648 |
| 9 (RLIN) | 226522 |
| 245 13 - MENCIÓN DEL TÍTULO | |
| Título | El burlador de Sevilla |
| Resto del título | ; y El vergonzoso en palacio / |
| Mención de responsabilidad, etc. | Tirso de Molina ; edición y prólogo de José Mallorquí Figuerola. |
| 246 34 - FORMA VARIANTE DEL TITULO | |
| Texto de visualización | Tít. de cub. |
| Título propio/Titulo breve | Comedias |
| 250 ## - MENCION DE EDICION | |
| Mención de edición | 2ª ed. |
| 260 ## - PUBLICACIÓN, DISTRIBUCIÓN, ETC. | |
| Lugar de publicación, distribución, etc. | Buenos Aires : |
| Nombre del editor, distribuidor, etc. | Molino, |
| Fecha de publicación, distribución, etc. | 1947. |
| 300 ## - DESCRIPCIÓN FÍSICA | |
| Extensión | 204 p. ; |
| Dimensiones | 20 cm. |
| 490 1# - MENCIÓN DE SERIE | |
| Mención de serie | Literatura clásica ; |
| Designación de volumen o secuencia | 9 |
| 700 1# - ENTRADA AGREGADA--NOMBRE PERSONAL | |
| Nombre de persona | Molina, Tirso de, |
| Fechas asociadas al nombre | 1579-1648. |
| Título de la obra | El burlador de Sevilla |
| 9 (RLIN) | 81909 |
| 700 1# - ENTRADA AGREGADA--NOMBRE PERSONAL | |
| Nombre de persona | Mallorquí Figuerola, José. |
| 9 (RLIN) | 75830 |
| 740 32 - ENTRADA AGREGADA--TÍTULO RELACIONADO/ANALÍTICO NO CONTROLADO | |
| Título relacionado o analítico no controlado | El vergonzoso en palacio. |
| 830 0# - PUNTO DE ACCESO ADICIONAL DE SERIE-TÍTULO UNIFORME | |
| Título uniforme | Literatura clásica ; |
| Designación de volumen o secuencia | 9 |
| 9 (RLIN) | 225633 |
| 852 ## - LOCALIZACIÓN | |
| Ubicación | ES-MaACL |
| Número de control de estantería | L-31925 |
| Nota libre | . - Donat. herederos de la bibl. de Mª del Pilar Costa Palacín |
| Estatus retirado | Estado de pérdida | Estado de daño | No para préstamo | Biblioteca de origen | Biblioteca actual | Ubicación en estantería | Fecha de adquisición | Fuente de adquisición | Total de préstamos | Signatura topográfica completa | Código de barras | Visto por última vez | Precio de reemplazo | Tipo de ítem Koha |
|---|---|---|---|---|---|---|---|---|---|---|---|---|---|---|
| Biblioteca del Ateneo de Madrid | Biblioteca del Ateneo de Madrid | Depósito 2 | 19/04/2018 | L-31925 | 1198725 | 23/02/2023 | 23/02/2023 | Libro impreso |
